Koncepcia decentralizácie a modernizácie verejnej správy

Súčasťou decentralizácie kompetencií zo štátnej správy na územnú samosprávu je aj finančná decentralizácia. Zmena štruktúry verejných rozpočtov. Posilnenie rozpočtov územných samospráv. Stabilita príjmov a základ redistribúcie. Zavádzanie mechanizmov finančného vyrovnávania, realizácia viacerými met...

Descrizione completa

Salvato in:
Dettagli Bibliografici
Autore principale: Nižňanský, Viktor
Natura: Capitolo di libro
Lingua:slovacco
Soggetti:
Tags: Aggiungi Tag
Nessun Tag, puoi essere il primo ad aggiungerne!!

MARC

LEADER 00000naa a2200000 4500
001 r036622
005 20230824102227.4
041 0 |a slo 
044 |a SK 
245 1 0 |a Koncepcia decentralizácie a modernizácie verejnej správy  |c Viktor Nižňanský 
520 |a Súčasťou decentralizácie kompetencií zo štátnej správy na územnú samosprávu je aj finančná decentralizácia. Zmena štruktúry verejných rozpočtov. Posilnenie rozpočtov územných samospráv. Stabilita príjmov a základ redistribúcie. Zavádzanie mechanizmov finančného vyrovnávania, realizácia viacerými metódami. Krytie kapitálových výdavkov. 
610 2 0 |a decentralizácia 
610 2 0 |a správa verejná 
610 2 0 |a samospráva 
610 2 0 |a rozpočty 
610 2 0 |a dotácie 
610 2 0 |a mechanizmus trhový 
610 2 0 |a vyrovnanie daňové 
610 2 0 |a výdavky rozpočtu štátneho 
610 2 0 |a výdavky verejné 
610 2 0 |a politika rozpočtová 
610 2 0 |a Slovensko 
100 1 |a Nižňanský, Viktor